000 00746nam a2200277Ia 4500
005 20260324132709.0
008 008 260324s9999 xx 000 0 eng d
020 _a9780429087776
037 _aEBOOK
040 _aCRL
040 _beng
040 _cCRL
041 _2eng
041 _aeng
084 _qCRL
100 _aYu.G. Medvedevskikh; Gennady Zaikov; A.R. Kytsya; L.I. Bazylyak; Anatolij Turovsky
_91190278
245 0 _aStationary and Non-Stationary Kinetics of the Photoinitiated Polymerization
260 _bTaylor and Francis
260 _c2004
365 _a
365 _b195
856 _uhttp://www.taylorfrancis.com/books/9780429087776
942 _cEBOOK
999 _c1788603
_d1788603